| 000 | 00626cam a2200181 4500 | ||
|---|---|---|---|
| 001 | ##D14777 | ||
| 008 | 090401t1967 xxu||||| |||| 00| 0 eng d | ||
| 035 | _a(Sirsi) u17839 | ||
| 041 | 0 | _aeng | |
| 050 | 0 | 4 | _a526.9028 $2 18 |
| 110 | 2 |
_aInternational Association of Geodesy _9445 |
|
| 245 | 0 | 0 |
_aElectromagnetic distance measurement _ba symposium held in Oxford under the auspices of Special Study Group no 19, 6-11 September 1965 |
| 260 |
_aLondon _bHilger & Watts _c1967 |
||
| 300 | _a452p. ill. 22cm | ||
| 690 | _aENVIRONMENTAL AND LAND CONSULTANCY-GEOMATICS-MAPPING AND POSITIONING | ||
| 942 | _n0 | ||
| 948 | _c04/03/1997 | ||
| 999 |
_c87552 _d87552 |
||